| 000 | 01188pam a2200325 a 4500 | ||
|---|---|---|---|
| 999 |
_c3603 _d3603 |
||
| 001 | 4396869 | ||
| 003 | OSt | ||
| 005 | 20210331164323.0 | ||
| 008 | 920921s1993 enka 001 0 eng | ||
| 010 | _a 92033323 | ||
| 020 | _a0521498481 | ||
| 040 |
_aDLC _cDLC _dDLC |
||
| 050 | 0 | 0 |
_aQC136 _b.M34 1993 |
| 082 | 0 | 0 |
_a534 MAI 1993 _220 |
| 100 | 1 |
_aMain, Iain G., _d1932- _98044 |
|
| 245 | 1 | 0 | _aVibrations and Waves in Physics |
| 250 | _a3rd ed. | ||
| 260 |
_aCambridge [England] ; _aNew York, NY, USA : _bCambridge University Press, _c1993. |
||
| 300 |
_axviii, 359 p. : _bill. ; _c24 cm. |
||
| 500 | _aIncludes index. | ||
| 650 | 0 |
_aPhysics _98045 |
|
| 650 | 0 |
_aWaves. _98027 |
|
| 650 | 0 |
_aVibration. _98045 |
|
| 856 | 4 | 1 |
_3Sample text _uhttp://www.loc.gov/catdir/samples/cam031/92033323.html |
| 856 | 4 | 2 |
_3Publisher description _uhttp://www.loc.gov/catdir/description/cam025/92033323.html |
| 856 | 4 | 1 |
_3Table of contents _uhttp://www.loc.gov/catdir/toc/cam028/92033323.html |
| 906 |
_a7 _bcbc _corignew _d1 _eocip _f19 _gy-gencatlg |
||
| 942 |
_2ddc _cSLOAN |
||